000 00286nam a22001337a 4500
008 181003b xxu||||| |||| 00| 0 eng d
020 _a075478624683
041 _aeng
080 _a612.39
100 _a10
101 _aNUT
245 _aLow-Salt Cookery
_cBailey,R
942 _2udc
_cBK
999 _c48834
_d48834